书目信息 |
| 题名: |
教育信号的经济分析
|
|
| 作者: | 贺尊 著 | |
| 分册: | ||
| 出版信息: | 北京 人民出版社 2012.11 |
|
| 页数: | 209页 | |
| 开本: | 24cm | |
| 丛书名: | 青年学术丛书 | |
| 单 册: | ||
| 中图分类: | F241.4 | |
| 科图分类: | ||
| 主题词: | 大学生--就业率--研究--中国 | |
| 电子资源: | ||
| ISBN: | 978-7-01-011348-7 | |
| 000 | 00873nam 2200265 45 | |
| 001 | 1356800859 | |
| 005 | 20130515092752.04 | |
| 010 | @a978-7-01-011348-7@dCNY30.00 | |
| 100 | @a20130108d2012 em y0chiy0121 ea | |
| 101 | 0 | @achi |
| 102 | @aCN@b110000 | |
| 105 | @ay a 000yy | |
| 106 | @ar | |
| 200 | 1 | @a教育信号的经济分析@AJiao Yu Xin Hao De Jing Ji Fen Xi@f贺尊著@FHe Zun Zhu |
| 210 | @a北京@c人民出版社@d2012.11 | |
| 215 | @a209页@d24cm | |
| 225 | 2 | @a青年学术丛书@i经济 |
| 320 | @a有书目 (第187-205页) | |
| 330 | @a本书内容包括: 教育信号与劳动力市场的交互关系: 文献综述; 教育信号的成本与收益分析; 教育信号的市场运作机制; 教育信号的市场博弈等。 | |
| 461 | 0 | @12001 @a青年学术丛书@i经济 |
| 606 | 0 | @a大学生@x就业率@x研究@y中国 |
| 690 | @aF241.4@v5 | |
| 701 | 0 | @a贺尊@AHe Zun@4著 |
| 801 | @aCN@bTANGWEI@c20130108 | |
| 905 | @b0829586-90@dF241.4@e100@f5 | |
| 教育信号的经济分析/贺尊著.-北京:人民出版社,2012.11 |
| 209页;24cm.-(青年学术丛书.经济) |
| ISBN 978-7-01-011348-7:CNY30.00 |
| 本书内容包括: 教育信号与劳动力市场的交互关系: 文献综述; 教育信号的成本与收益分析; 教育信号的市场运作机制; 教育信号的市场博弈等。 |
| ● |
| 相关链接 |
|
|
|
|
正题名:教育信号的经济分析
索取号:F241.4/100
 
预约/预借
| 序号 | 登录号 | 条形码 | 馆藏地/架位号 | 状态 | 备注 |
| 1 | 0829586 | 208295860 | 第一样本阅览室/ [索取号:F241.4/100] | 在馆 | |
| 2 | 0829587 | 208295879 | 第一借阅区/ [索取号:F241.4/100] | 在馆 | |
| 3 | 0829588 | 208295888 | 第一借阅区/ [索取号:F241.4/100] | 在馆 | |
| 4 | 0829589 | 208295897 | 第一借阅区/ [索取号:F241.4/100] | 在馆 | |
| 5 | 0829590 | 208295904 | 第一借阅区/ [索取号:F241.4/100] | 在馆 |